Slovensko - taliansky taliansko - slovenský turistický slovník

Na minha lista:
Detalhes bibliográficos
Autor principal: Červenková, Vilma
Formato: Livro
Idioma:eslovaco
Publicado em: Bratislava Slov. ped. nakl. 1988
Edição:2. vyd.
Tags: Adicionar Tag
Sem tags, seja o primeiro a adicionar uma tag!

MARC

LEADER 00000nam a2200000 4500
001 c037711
005 20221219092312.3
041 0 |a slo 
044 |a SK 
245 1 0 |a Slovensko - taliansky taliansko - slovenský turistický slovník  |c Vilma Červenková 
250 |a 2. vyd. 
264 1 |a Bratislava  |b Slov. ped. nakl.  |c 1988 
300 |a 201, 144 s. 
100 1 |a Červenková, Vilma